000 01740cam a22004574i 4500
003 PE-LiUPU
005 20250731173149.0
008 150623s1998 caua rb 000 0 eng d
020 _a0830721339
035 _a(Sirsi) i9780830721337
040 _aPE-LiUPU
_bspa
_cPE-LiUPU
_erda
049 _aPRUA
082 0 4 _a269.2
_bS82
_221
100 1 _aStockstill, Larry,
_d1953-,
_eautor.
245 1 4 _aThe cell church /
_cLarry Stockstill.
264 1 _aVentura, California :
_bRegal Books,
_c1998.
300 _a136 páginas :
_bilustraciones, gráficos ;
_c22 centímetros
336 _atext
_2rdacontent
337 _aunmediated
_2rdamedia
338 _avolume
_2rdacarrier
504 _aIncluye bibliografía.
505 0 _aThe wind is shifting -- Churches with windows -- Partnership -- Evangelism in the cell church -- Be fruitful and multiplyl -- Leadership development in the cell church -- Multiplying leaders -- The "Principle of twelve" -- Transition -- Dangers and challenges -- To infinity and beyond!.
526 _aSEG42
526 _aSEG41
526 _aSEG40
526 _aSEG39
526 _aP94
526 _aP87
526 _aP86
526 _aP85
526 _aP77
526 _aP76
526 _aP35
650 0 4 _aEvangelismo
_xIglesias de hogar.
942 _2ddc
_cBOOK
949 _a269.2 S82
_wDEWEY
_c1
_i53400
_lCCODEBUL1
_mBUL
_p12.00
_r0
_sY
_tBOOK
_u2015-6-24
_xTEOLOGIA
_PP35
_0COMPRA
_o.STAFF. Colección Teología
994 _aC0
_bPEPRU
596 _a1
999 _a269.2 S82
_wDEWEY
_c35370
_i53400
_f2021-11-10
_g5
_lCCODEBUL1
_mBUL
_p12.00
_r0
_sY
_tBOOK
_u2015-6-24
_xTEOLOGIA
_PP35
_0COMPRA
_o.STAFF. Colección Teología
_d35370
980 _81
_gALBERTO SANCHEZ Responsable de Automatización